[Event "Niederbayernliga 1516"]
[Site "Bayern"]
[Date "2016.04.10"]
[Round "9.3"]
[White "Wist, Peter"]
[Black "Hirtreiter, Alexander"]
[Result "1/2-1/2"]
[WhiteElo "1746"]
[BlackElo "1871"]
[PlyCount "83"]
[EventDate "2015.10.11"]
[EventType "team-tourn"]
[EventRounds "9"]
[EventCountry "GER"]
[SourceTitle "EXT 2023"]
[Source "ChessBase"]
[SourceDate "2022.10.05"]
[SourceVersion "1"]
[SourceVersionDate "2022.10.05"]
[SourceQuality "1"]
[WhiteTeam "Ergolding"]
[BlackTeam "Landau Dingolfing"]
[WhiteTeamCountry "GER"]
[BlackTeamCountry "GER"]

1. e4 e5 2. Nf3 d6 3. h3 f5 4. d3 Nf6 5. Nc3 Nc6 6. Bg5 Be7 7. Be2 0-0 8. Qd2 a6 9. 0-0-0 b5 10. Kb1 Rb8 11. Bxf6 Bxf6 12. Nd5 Ne7 13. Nxf6+ Rxf6 14. Rhf1 c5 15. exf5 Bxf5 16. Nh4 Be6 17. f4 Nd5 18. f5 Bd7 19. Bf3 Ne7 20. g4 Rh6 21. Qf2 Nc6 22. Bd5+ Kh8 23. g5 Qxg5 24. Rg1 Qf6 25. Rg4 Ne7 26. Be4 d5 27. Bg2 c4 28. dxc4 bxc4 29. Bxd5 Nxf5 30. Bxc4 e4 31. b3 e3 32. Qe1 Nxh4 33. Rxd7 Nf5 34. Rf4 Qe5 35. Rg4 Rxh3 36. Rd5 Qf6 37. Rf4 Rh5 38. Bd3 Rf8 39. Qf1 g6 40. Be2 Rg5 41. Qf3 Rf7 42. Bc4 1/2-1/2